Т. 10, № 4; Ученые записки ЦАГИ

書目詳細資料
Parent link:Ученые записки ЦАГИ: [сборник научных трудов]/ Центральный аэрогидродинамический институт (ЦАГИ). Т. 10, № 4.— , 1970-1991
語言:俄语
出版: 1979
主題:
格式: MixedMaterials 圖書
KOHA link:https://koha.lib.tpu.ru/cgi-bin/koha/opac-detail.pl?biblionumber=331348

MARC

LEADER 00000nam2a2200000 4500
001 331348
005 20231102004340.0
035 |a (RuTPU)RU\TPU\book\357169 
035 |a RU\TPU\book\357158 
035 |a RU\TPU\book\357159 
035 |a RU\TPU\book\357166 
090 |a 331348 
100 |a 20170421d1979 k y0rusy50 ca 
101 0 |a rus 
102 |a RU 
105 |a a z 001zy 
200 0 |a Т. 10, № 4 
210 |d 1979 
215 |a 143 с.  |c ил. 
320 |a Библиогр. в конце ст. 
461 1 |0 (RuTPU)RU\TPU\book\218989  |t Ученые записки ЦАГИ  |o [сборник научных трудов]  |f Центральный аэрогидродинамический институт (ЦАГИ)  |v Т. 10, № 4  |d 1970-1991 
606 1 |a Аэродинамика  |2 stltpush  |3 (RuTPU)RU\TPU\subj\29869  |9 53103 
606 1 |a Аэродинамика  |2 stltpush  |3 (RuTPU)RU\TPU\subj\29869  |9 53103 
610 1 |a механика 
610 1 |a жидкости 
610 1 |a газ 
610 1 |a плазма 
610 1 |a деформирование 
610 1 |a прочность 
610 1 |a колебания 
610 1 |a тела 
610 1 |a конструкции 
610 1 |a механика полета 
610 1 |a реальные процессы 
610 1 |a моделирование 
610 1 |a оптимизация 
675 |a 533.6  |v 4 
801 1 |a RU  |b 63413507  |c 20150625 
801 2 |a RU  |b 63413507  |c 20170424  |g RCR 
942 |c BK